01148cam a22002531 4500001001300000003000400013005001700017008004100034010001700075035001900092040004900111042001200160050002600172100002500198245021700223260004800440300003500488490008400523500006600607650003800673650003500711810007100746810007700817l 54000113 DLC20260227111543.0800519s1954 dcuab f000 0 eng c al 54000113  a(OCoLC)6334269 aU.S. Dept. of Labor LibrarycNNUdOCoLCdDLC apremarc00aHD8051b.A62 no. 11561 aEber, Manuel,d1918-10aEmployment outlook in banking occupations;bbanking functions, training and qualifications, earnings and working conditions, employment trends and outlook.c[Prepared] in cooperation with Veterans Administration. aWashington,bU.S. Govt. Print. Off.c[1954] av, 42 p.billus., map.c26 cm.1 aU.S. Bureau of Labor Statistics. Bulletin no. 1156. Occupational outlook series a"Originally published as a Veterans Administration pamphlet." 0aBanks and bankingzUnited States. 0aBank employeeszUnited States.1 aUnited States.bBureau of Labor Statistics.tBulletin ;vno. 1156.1 aUnited States.bBureau of Labor Statistics.tOccupational outlook series